[Event "WCU Spring Open"]
[Site "Cardiff"]
[Date "2026.03.08"]
[Round "5.16"]
[White "Srivastava, Angel"]
[Black "Murthy, Arush"]
[Result "0-1"]
[WhiteElo "1335"]
[BlackElo "1665"]
[WhiteFideId "-1"]
[BlackFideId "-1"]
[PlyCount "62"]
[GameId "2292708299756355"]
[EventDate "2026.03.07"]
[EventType "swiss"]
[EventRounds "5"]
[EventCountry "WLS"]

{[%evp 0,62,22,33,19,14,40,23,19,-5,11,-2,-6,-14,-27,-33,-16,-10,6,-70,-14,-49,5,-12,-11,-15,-11,-63,-23,-41,7,-89,-76,-162,-215,-229,-209,-303,-135,-118,-124,-136,-135,-54,-115,-141,-32,-118,-32,-46,-16,46,6,-79,153,-150,-223,-155,-248,-156,-113,-204,-1,-203,-179]} 1. d4 Nf6 2. Nf3 g6 3. e3 Bg7 4. b3 d5 5. Bd3 O-O 6. h3 c5 7. c3 cxd4 8. cxd4 Nc6 9. Bd2 Re8 10. Bc3 Nd7 11. Bb5 a6 12. Bxc6 bxc6 13. b4 Qc7 14. O-O e5 15. Nbd2 e4 16. Ne1 a5 17. Nb3 Ba6 18. bxa5 Qd6 19. Nc2 Bxf1 20. Qxf1 Qe6 21. Bb4 f5 22. a6 Bf8 23. Qc1 Rab8 24. Bxf8 Kxf8 25. Qa3+ Qe7 26. Qb2 c5 27. Qa3 c4 28. Nc5 Nxc5 29. dxc5 Rbc8 30. Qb2 Qxc5 31. Nd4 Re7 0-1

[Event "WCU Spring Open"]
[Site "Cardiff"]
[Date "2026.03.08"]
[Round "5.17"]
[White "Zheng, Lucas"]
[Black "Wu, Nathaniel"]
[Result "1-0"]
[WhiteElo "1661"]
[BlackElo "1517"]
[WhiteFideId "-1"]
[BlackFideId "-1"]
[PlyCount "91"]
[GameId "2292710535861174"]
[EventDate "2026.03.07"]
[EventType "swiss"]
[EventRounds "5"]
[EventCountry "WLS"]

{[%evp 0,91,28,25,63,69,70,44,45,23,29,26,32,-10,13,-4,16,16,14,21,49,-9,75,4,40,49,48,37,70,25,85,74,70,125,100,-49,94,87,100,100,60,100,80,80,159,218,235,196,153,283,274,189,333,290,280,290,284,298,453,244,244,369,369,366,558,631,1017,1056,1075,1105,1130,1110,1653,1882,1818,2253,2446,2556,28059,2591,29983,29984,29995,29994,29995,29994,29995,29992,29995,29996,29997,29998,29999,-29999]} 1. e4 c6 2. d4 d5 3. exd5 cxd5 4. Bd3 Nc6 5. c3 Nf6 6. h3 e6 7. Nf3 Bd6 8. O-O O-O 9. Re1 Re8 10. Nbd2 a5 11. a4 h6 12. Ne5 Bxe5 13. dxe5 Nd7 14. Nf3 Qe7 15. Bf4 Qd8 16. Qd2 Ne7 17. Nh4 Nf8 18. Bxh6 gxh6 19. Qxh6 Nf5 20. Bxf5 exf5 21. Re3 Re6 22. Rg3+ Ng6 23. Nxg6 fxg6 24. Rxg6+ Rxg6 25. Qxg6+ Kh8 26. Qh6+ Kg8 27. e6 Qf8 28. Qg5+ Kh8 29. e7 Qf7 30. Re1 Bd7 31. Qh6+ Qh7 32. Qf8+ Rxf8 33. exf8=Q+ Qg8 34. Qh6+ Qh7 35. Qf6+ Kg8 36. Qd8+ Kg7 37. Qxd7+ Kh6 38. Re6+ Qg6 39. Qxd5 Qxe6 40. Qxe6+ Kh5 41. Kh2 b6 42. f3 b5 43. g4+ fxg4 44. fxg4+ Kg5 45. Kg3 b4 46. h4# 1-0

[Event "WCU Spring Open"]
[Site "Cardiff"]
[Date "2026.03.08"]
[Round "5.18"]
[White "Daniel, Elijah"]
[Black "McGinley, Elijah"]
[Result "1/2-1/2"]
[Annotator "Home"]
[WhiteElo "1542"]
[BlackElo "1511"]
[WhiteFideId "-1"]
[BlackFideId "-1"]
[PlyCount "140"]
[GameId "2292710897460258"]
[EventDate "2026.03.07"]
[EventType "swiss"]
[EventRounds "5"]
[EventCountry "WLS"]

{[%evp 0,135,19,25,6,8,26,13,6,11,12,21,11,-2,17,-1,-4,16,57,36,45,33,38,32,-10,28,33,70,63,71,79,76,100,53,-43,5,14,-44,-57,-54,-45,-35,-6,67,-21,-23,6,-40,-13,-10,-8,-55,3,-12,16,-16,-38,-42,-5,-52,12,8,17,-33,-113,-33,-110,-78,-67,-78,-81,-129,-148,-128,-172,-144,-236,-142,-80,-208,-122,-103,-86,49,-81,5,-132,-129,-20,-92,-149,-153,-132,-179,-107,-225,-245,-247,-224,-233,-232,-243,-213,-495,-201,-148,1,1,1,1,1,1,1,1,1,1,1,1,622,574,743,777,728,801,1075,1028,1066,1073,1110,1018,1076,1055,1114,405,1253,1239,1295,1181]} 1. Nf3 d5 2. d4 Nc6 3. g3 Bf5 4. Bg2 e6 5. O-O Nf6 6. c3 Bd6 7. Nbd2 O-O 8. Nh4 Be7 9. Nxf5 exf5 10. Nf3 Qd7 11. Bg5 Ne4 12. Bxe7 Nxe7 13. Ne5 Qb5 14. Qc2 f6 15. Nd3 Qd7 16. Bxe4 fxe4 17. Nc5 Qc6 18. e3 b6 19. Nb3 Qe6 20. Nd2 Qg4 21. f3 exf3 22. Rxf3 Ng6 23. Qf5 Qxf5 24. Rxf5 Ne7 25. Rf2 c5 26. Re1 f5 27. Nb3 c4 28. Nd2 b5 29. Nf3 Rab8 30. Ne5 Rb7 31. Ree2 a5 32. Rc2 b4 33. Rfe2 bxc3 34. bxc3 Rfb8 35. Nf3 a4 36. Ne5 a3 37. Kg2 Rb2 38. Kf3 Nc8 39. Nd7 R8b7 40. Nc5 R7b5 41. Na4 Rxc2 42. Rxc2 Nb6 43. Nxb6 Rb2 44. Re2 Rxb6 45. h3 g5 46. h4 g4+ 47. Kg2 h5 48. Kf2 Kf7 49. Kg2 Kf6 50. Kf2 Rb2 51. Ke1 f4 52. exf4 Rxe2+ 53. Kxe2 Kf5 54. Ke3 Ke6 55. Ke2 Kf6 56. Ke3 Kf5 57. Kf2 Ke4 58. Kg2 Kd3 59. f5 Kxc3 60. f6 Kb2 61. f7 c3 62. f8=Q c2 63. Qb4+ Kxa2 64. Qc3 Kb1 65. Qb3+ Kc1 66. Qxa3+ Kd2 67. Qb2 Kd1 68. Qb3 Kd2 69. Qb2 Kd1 70. Qb3 Kd2 1/2-1/2